|
|
|
|
| LEADER |
01324nam a2200325 a 4500 |
| 001 |
000339642 |
| 003 |
CZ BrMZK |
| 005 |
20130813114623.0 |
| 007 |
ta |
| 008 |
980105s1990 xo f slo d |
| 040 |
|
|
|a BOA001
|b cze
|
| 080 |
|
|
|a 372.879.6:796.412.24.015.42:37.02
|2 MRF
|
| 080 |
|
|
|a 796.412.24.015.42:372.879.6:37.02
|2 MRF
|
| 100 |
1 |
|
|a Novotná, Irena,
|c trenérka
|4 aut
|
| 245 |
1 |
0 |
|a Moderná gymnastika :
|b výchovno-vzdelávací program pre žiačky 1.-4. roč. ZŠ /
|c Sprac.: Irča Novotná, Jitka Vilémová
|
| 246 |
1 |
|
|i Název v tiráži :
|a Výchovno-vzdelávací program pre záujmový útvar Moderná gymnastika
|
| 246 |
1 |
4 |
|a Výchovno-vzdelávací program Moderná gymnastika
|
| 250 |
|
|
|a 2., upr. vyd.
|
| 260 |
|
|
|a Bratislava :
|b Slovenský dom detí a mládeže,
|c 1990
|
| 300 |
|
|
|a 77 s.
|
| 490 |
1 |
|
|a Programy ;
|v zv. 86
|
| 504 |
|
|
|a Obsahuje bibliografii
|
| 700 |
1 |
|
|a Vilémová, Jitka
|7 mzk2013775248
|4 aut
|
| 830 |
|
0 |
|a Programy
|
| 910 |
|
|
|a BOA001
|b 2-0959.033
|b PK-0113.198
|
| 920 |
|
|
|a 000044433
|
| 964 |
|
|
|a Gymnastika moderní - programy učební - metodiky
|
| 990 |
|
|
|a BK
|
| 996 |
7 |
|
|b 2619344133
|c 2-0959.033
|l MZK
|r Sklad / do 1 hodiny
|n 0
|w 000339642
|u 000010
|a 1
|e BOA001
|j MZK50
|s A
|
| 996 |
7 |
|
|b 3119985170
|c PK-0113.198
|l MZK
|r Sklad / do 1 hodiny
|n 5
|w 000339642
|u 000020
|a 1
|e BOA001
|j MZK50
|s A
|